000
00314nam a2200133Ia 4500
005
20251222144717.0
008
251222s9999||||xx |||||||||||||| ||spa||
082
_a
510.332/D69
100
_a
Díaz Mata, Alfredo
245
0
_a
Matemáticas Financieras
250
_a
3a.ed.
264
_b
McGraw-Hill
942
_c
LIB
999
_c
18072
_d
18072